[Event "IND-chB 49th"]
[Site "Aurangabad"]
[Date "2011.06.16"]
[Round "1"]
[White "Anand Naik, B."]
[Black "Venkatesh, Marani Rajendran"]
[Result "1-0"]
[WhiteElo "1992"]
[BlackElo "2463"]
[PlyCount "81"]
[EventDate "2011.06.16"]
[EventType "swiss"]
[EventRounds "13"]
[EventCountry "IND"]
[SourceTitle "CBM 143 Extra"]
[Source "ChessBase"]
[SourceDate "2011.08.29"]
[SourceVersion "1"]
[SourceVersionDate "2011.08.29"]
[SourceQuality "1"]

1. e4 c5 2. Nf3 Nc6 3. d4 cxd4 4. Nxd4 e6 5. Nc3 Qc7 6. Be3 a6 7. Qd2 Nf6 8. 0-0-0 Be7 9. f4 b5 10. e5 b4 11. exf6 bxc3 12. Qxc3 Bxf6 13. g4 Bb7 14. g5 Bxd4 15. Rxd4 Rc8 16. Rd2 Ne7 17. Qxc7 Rxc7 18. Rg1 Be4 19. Bxa6 Nd5 20. Bd3 Nxe3 21. Bxe4 Rc4 22. Bd3 Rxf4 23. Bb5 Nd5 24. c4 Nb6 25. b3 Ke7 26. a4 Ra8 27. Kb2 Rf5 28. Ka3 d5 29. Kb4 dxc4 30. bxc4 Rf4 31. a5 Nd5+ 32. Kc5 Rc8+ 33. Bc6 Nc3 34. Rd7+ Kf8 35. Ra1 Rf5+ 36. Kb6 Rf2 37. Kb7 Re8 38. a6 Rb2+ 39. Kc7 Rbb8 40. a7 Rbc8+ 41. Kb7 1-0